000 00534nam a2200193Ia 4500
001 31322
003 PK-LaUMT
005 20260430094750.0
008 140416s9999 xx 000 0 und d
040 _cPK-LaUMT
082 _a 297
_bMAU-P
100 1 _aMaududi, Syed Abul Ala
_911418
245 _aPrayers of the Prophet (SAW) /
_cSyed Abul Ala Maududi
260 _aLahore,Pakistan:
_bShaikh Muhammad Ashraf,
_c1996
300 _a71 p.
500 _aFEEDED FROM THE ACCESSION REGISTER AND CARD
546 _aEN
942 _cBK
_2ddc
999 _c31441
_d31441